[Event "XXVII Miedzynarodowy Festiwal Szachowy im. Jozefa Dominika"]
[Site "Dobczyce"]
[Date "2019.07.05"]
[Round "1.9"]
[White "Cisek, Kamil"]
[Black "Klementys, Jerzy"]
[Result "1-0"]
[BlackElo "1656"]
[WhiteElo "1891"]
[LiveChessVersion "1.4.8"]

1. d4 {[%clk 1:30:57]} Nf6 {[%clk 1:30:59]} 2. c4 {[%clk 1:31:18]} g6
{[%clk 1:31:25]} 3. g3 {[%clk 1:31:37]} Bg7 {[%clk 1:31:53]} 4. Bg2
{[%clk 1:31:51]} O-O {[%clk 1:32:20]} 5. Nf3 {[%clk 1:32:07]} d5 {[%clk 1:31:35]}
6. cxd5 {[%clk 1:25:37]} Nxd5 {[%clk 1:31:31]} 7. Nc3 {[%clk 1:25:50]} Nxc3
{[%clk 1:30:51]} 8. bxc3 {[%clk 1:26:13]} c5 {[%clk 1:31:13]} 9. O-O
{[%clk 1:26:11]} Nc6 {[%clk 1:31:24]} 10. Bb2 {[%clk 1:23:22]} cxd4
{[%clk 1:31:06]} 11. cxd4 {[%clk 1:23:36]} Bg4 {[%clk 1:29:34]} 12. e3
{[%clk 1:23:18]} Qd7 {[%clk 1:25:03]} 13. Qa4 {[%clk 1:17:29]} Nxd4
{[%clk 1:22:13]} 14. Qxd7 {[%clk 1:13:42]} Ne2+ {[%clk 1:18:03]} 15. Kh1
{[%clk 1:14:06]} Bxd7 {[%clk 1:18:27]} 16. Bxg7 {[%clk 1:04:00]} Kxg7
{[%clk 1:18:25]} 17. Ne5 {[%clk 1:04:17]} Bc8 {[%clk 1:17:47]} 18. Rab1
{[%clk 0:57:58]} f6 {[%clk 1:12:00]} 19. Nd3 {[%clk 0:51:59]} Rb8
{[%clk 1:05:48]} 20. Rb3 {[%clk 0:47:52]} Be6 {[%clk 1:04:17]} 21. Ra3
{[%clk 0:47:46]} Bc4 {[%clk 1:03:23]} 22. Rd1 {[%clk 0:35:39]} Rfd8
{[%clk 1:02:49]} 23. Bf3 {[%clk 0:31:17]} Bd5 {[%clk 0:59:40]} 24. Kg2
{[%clk 0:27:48]} Rbc8 {[%clk 0:54:46]} 25. e4 {[%clk 0:18:51]} Bxe4
{[%clk 0:48:11]} 26. Bxe4 {[%clk 0:18:31]} Nc3 {[%clk 0:48:34]} 27. Re1
{[%clk 0:18:06]} Rc4 {[%clk 0:48:24]} 28. Rc1 {[%clk 0:15:29]} Rxe4
{[%clk 0:48:18]} 29. Rcxc3 {[%clk 0:15:20]} a6 {[%clk 0:48:27]} 30. Nc5
{[%clk 0:15:27]} Re2 {[%clk 0:48:01]} 31. Re3 {[%clk 0:14:20]} Rdd2
{[%clk 0:44:45]} 32. Rxe2 {[%clk 0:14:33]} Rxe2 {[%clk 0:45:13]} 33. Nxb7
{[%clk 0:14:52]} e5 {[%clk 0:44:57]} 34. Rxa6 {[%clk 0:15:03]} e4
{[%clk 0:45:24]} 35. Ra3 {[%clk 0:14:00]} f5 {[%clk 0:45:41]} 36. Nd6
{[%clk 0:12:57]} Kf6 {[%clk 0:44:48]} 37. Nc4 {[%clk 0:12:29]} g5
{[%clk 0:44:28]} 38. Ra6+ {[%clk 0:10:17]} Kg7 {[%clk 0:44:45]} 39. Ra5
{[%clk 0:08:54]} Kf6 {[%clk 0:44:35]} 40. Ne3 {[%clk 0:09:05]} f4
{[%clk 0:44:51]} 41. gxf4 {[%clk 0:09:29]} gxf4 {[%clk 0:45:16]} 42. Rf5+
{[%clk 0:09:55]} Kg6 {[%clk 0:45:05]} 43. Rxf4 {[%clk 0:10:21]} Rxa2
{[%clk 0:45:27]} 44. Rxe4 {[%clk 0:10:48]} Ra1 {[%clk 0:44:19]} 45. f4
{[%clk 0:10:36]} Ra2+ {[%clk 0:44:39]} 46. Kg3 {[%clk 0:10:58]} Ra1
{[%clk 0:44:47]} 47. Ng2 {[%clk 0:10:12]} Ra3+ {[%clk 0:45:03]} 48. Re3
{[%clk 0:10:36]} Ra1 {[%clk 0:44:43]} 49. Rf3 {[%clk 0:11:00]} Rg1
{[%clk 0:44:50]} 50. f5+ {[%clk 0:10:32]} Kf6 {[%clk 0:45:15]} 51. Kf2
{[%clk 0:10:40]} Rh1 {[%clk 0:45:22]} 52. h3 {[%clk 0:11:02]} Ra1
{[%clk 0:45:29]} 53. Ne3 {[%clk 0:11:16]} Ra2+ {[%clk 0:43:52]} 54. Kg3
{[%clk 0:11:40]} Ra8 {[%clk 0:44:01]} 55. Ng4+ {[%clk 0:12:04]} Kf7
{[%clk 0:43:22]} 56. Kh4 {[%clk 0:12:03]} Ra4 {[%clk 0:41:05]} 57. Kh5
{[%clk 0:12:24]} Rb4 {[%clk 0:41:16]} 58. Kh6 {[%clk 0:12:23]} Ra4
{[%clk 0:40:28]} 59. Kxh7 {[%clk 0:12:23]} Rb4 {[%clk 0:40:55]} 60. Kh6
{[%clk 0:12:42]} Rb8 {[%clk 0:40:44]} 61. Kg5 {[%clk 0:12:24]} Rg8+
{[%clk 0:40:52]} 62. Kf4 {[%clk 0:12:47]} Ra8 {[%clk 0:40:04]} 63. Rb3
{[%clk 0:12:56]} Ra4+ {[%clk 0:40:09]} 64. Kg5 {[%clk 0:13:19]} Ra1
{[%clk 0:40:25]} 65. Rb7+ {[%clk 0:13:44]} Kf8 {[%clk 0:40:03]} 66. f6
{[%clk 0:13:55]} 1-0

[Event "XXVII Miedzynarodowy Festiwal Szachowy im. Jozefa Dominika"]
[Site "Dobczyce"]
[Date "2019.07.06"]
[Round "2.1"]
[White "Slabek, Grzegorz"]
[Black "Kyc, Jerzy"]
[Result "0-1"]
[BlackElo "2279"]
[WhiteElo "1953"]
[LiveChessVersion "1.4.8"]

1. Nf3 {[%clk 1:30:54]} Nf6 {[%clk 1:30:57]} 2. b3 {[%clk 1:30:31]} d5
{[%clk 1:31:20]} 3. Bb2 {[%clk 1:30:49]} Nbd7 {[%clk 1:31:29]} 4. e3
{[%clk 1:30:53]} e6 {[%clk 1:31:52]} 5. Be2 {[%clk 1:31:05]} Bd6 {[%clk 1:32:18]}
6. d4 {[%clk 1:31:27]} O-O {[%clk 1:32:39]} 7. O-O {[%clk 1:31:52]} Ne4
{[%clk 1:32:55]} 8. Nbd2 {[%clk 1:32:07]} f5 {[%clk 1:33:23]} 9. Ne5
{[%clk 1:32:18]} c5 {[%clk 1:29:58]} 10. f4 {[%clk 1:29:58]} cxd4
{[%clk 1:29:58]} 11. Nxe4 {[%clk 1:27:04]} fxe4 {[%clk 1:29:15]} 12. Nxd7
{[%clk 1:26:54]} Bxd7 {[%clk 1:29:18]} 13. Bxd4 {[%clk 1:27:09]} Qe7
{[%clk 1:29:16]} 14. c4 {[%clk 1:27:23]} Bc6 {[%clk 1:29:21]} 15. Rc1
{[%clk 1:27:28]} Ba3 {[%clk 1:27:10]} 16. Rc2 {[%clk 1:26:50]} a5
{[%clk 1:27:23]} 17. Qb1 {[%clk 1:23:37]} a4 {[%clk 1:27:02]} 18. c5
{[%clk 1:23:27]} axb3 19. axb3 {[%clk 1:23:44]} Bb4 {[%clk 1:27:05]} 20. Rfc1
{[%clk 1:23:55]} Ra5 {[%clk 1:25:35]} 21. Ra2 {[%clk 1:18:31]} Rfa8
{[%clk 1:25:44]} 22. Rxa5 {[%clk 1:18:53]} Rxa5 {[%clk 1:26:08]} 23. Qc2
{[%clk 1:17:36]} Qf8 {[%clk 1:25:20]} 24. Bg4 {[%clk 1:17:33]} Bd7
{[%clk 1:23:48]} 25. h3 {[%clk 1:13:57]} Qa8 {[%clk 1:23:47]} 26. Qf2
{[%clk 1:13:56]} Ba3 {[%clk 1:08:03]} 27. Rc2 {[%clk 1:12:59]} Qf8
{[%clk 1:04:30]} 28. Ra2 {[%clk 1:08:31]} Qe7 {[%clk 0:44:04]} 29. Qg3
{[%clk 1:03:42]} Bb4 {[%clk 0:42:01]} 30. Rxa5 {[%clk 1:03:25]} Bxa5
{[%clk 0:42:24]} 31. Qf2 {[%clk 0:59:27]} Bb4 {[%clk 0:41:46]} 32. Qa2
{[%clk 0:59:31]} Bxc5 {[%clk 0:39:28]} 33. Qa8+ {[%clk 0:59:50]} Kf7 34. Qxb7
{[%clk 0:57:01]} Bxd4 {[%clk 0:37:24]} 35. exd4 {[%clk 0:55:37]} Qd6
{[%clk 0:35:36]} 36. f5 {[%clk 0:50:36]} Kf6 {[%clk 0:35:45]} 37. fxe6
{[%clk 0:50:29]} Bxe6 {[%clk 0:36:13]} 38. Bxe6 {[%clk 0:50:40]} Qxe6
{[%clk 0:36:39]} 39. Qc7 {[%clk 0:50:39]} h6 {[%clk 0:27:38]} 40. b4
{[%clk 0:49:22]} e3 {[%clk 0:25:00]} 41. Qf4+ {[%clk 0:49:14]} Ke7
{[%clk 0:22:51]} 42. Qe5 {[%clk 0:46:32]} Qxe5 {[%clk 0:23:04]} 43. dxe5
{[%clk 0:47:00]} Ke6 {[%clk 0:23:28]} 44. b5 {[%clk 0:47:02]} Kxe5
{[%clk 0:23:54]} 45. b6 {[%clk 0:47:28]} Kd6 {[%clk 0:24:22]} 46. b7
{[%clk 0:47:55]} Ke5 0-1

[Event "XXVII Miedzynarodowy Festiwal Szachowy im. Jozefa Dominika"]
[Site "Dobczyce"]
[Date "2019.07.06"]
[Round "2.2"]
[White "Gbyl, Andrzej"]
[Black "Kawalko, Adam"]
[Result "1-0"]
[BlackElo "1920"]
[WhiteElo "2234"]
[LiveChessVersion "1.4.8"]

1. d4 {[%clk 1:30:55]} Nf6 {[%clk 1:30:52]} 2. c4 {[%clk 1:31:10]} e6
{[%clk 1:31:14]} 3. Nf3 {[%clk 1:30:25]} d5 {[%clk 1:30:42]} 4. Nc3
{[%clk 1:30:13]} Bb4 {[%clk 1:26:15]} 5. Bg5 {[%clk 1:26:25]} O-O
{[%clk 1:23:32]} 6. e3 {[%clk 1:25:55]} a6 {[%clk 1:16:26]} 7. Qc2
{[%clk 1:24:43]} h6 {[%clk 1:15:52]} 8. Bh4 {[%clk 1:25:01]} Nbd7
{[%clk 1:12:52]} 9. cxd5 {[%clk 1:22:59]} exd5 {[%clk 1:13:02]} 10. Bd3
{[%clk 1:23:15]} c5 {[%clk 1:10:42]} 11. O-O {[%clk 1:23:11]} c4 {[%clk 1:08:20]}
12. Bh7+ {[%clk 1:23:20]} Kh8 {[%clk 1:06:55]} 13. Bf5 {[%clk 1:01:57]} Nb6
{[%clk 1:00:22]} 14. Ne5 {[%clk 0:59:35]} Bxc3 {[%clk 0:56:54]} 15. bxc3
{[%clk 0:59:57]} Qd6 {[%clk 0:42:14]} 16. Rab1 {[%clk 0:55:43]} Bxf5
{[%clk 0:33:18]} 17. Qxf5 {[%clk 0:55:57]} Ne4 {[%clk 0:31:32]} 18. Nxf7+
{[%clk 0:51:38]} Rxf7 {[%clk 0:31:55]} 19. Qxf7 {[%clk 0:52:04]} Nxc3
{[%clk 0:30:37]} 20. Rb2 {[%clk 0:49:33]} Qc6 {[%clk 0:28:07]} 21. Rc1
{[%clk 0:43:45]} Nb5 {[%clk 0:27:22]} 22. Bg3 {[%clk 0:41:47]} c3
{[%clk 0:26:20]} 23. Be5 {[%clk 0:40:01]} Rg8 {[%clk 0:24:23]} 24. Rbc2
{[%clk 0:21:36]} Na4 {[%clk 0:22:07]} 25. Qe7 {[%clk 0:21:39]} a5
{[%clk 0:19:20]} 26. h3 {[%clk 0:20:24]} b6 {[%clk 0:19:27]} 27. g4
{[%clk 0:20:17]} Qe8 {[%clk 0:17:51]} 28. Qb7 {[%clk 0:16:45]} Qe6
{[%clk 0:16:44]} 29. f4 {[%clk 0:16:01]} Na3 {[%clk 0:15:04]} 30. Rxc3
{[%clk 0:16:07]} Nxc3 {[%clk 0:15:10]} 31. Rxc3 {[%clk 0:16:32]} Nc4
{[%clk 0:15:05]} 32. f5 {[%clk 0:16:41]} Qc8 {[%clk 0:11:38]} 33. Qxd5
{[%clk 0:16:02]} Nxe3 {[%clk 0:11:59]} 34. Qd6 {[%clk 0:15:44]} Nxf5
{[%clk 0:11:29]} 35. Rxc8 {[%clk 0:14:33]} Nxd6 {[%clk 0:11:52]} 36. Rxg8+ 1-0

[Event "XXVII Miedzynarodowy Festiwal Szachowy im. Jozefa Dominika"]
[Site "Dobczyce"]
[Date "2019.07.06"]
[Round "2.3"]
[White "Cisek, Kamil"]
[Black "Luberanski, Jakub"]
[Result "1/2-1/2"]
[BlackElo "2010"]
[WhiteElo "1891"]
[LiveChessVersion "1.4.8"]

1. d4 {[%clk 1:30:57]} Nf6 {[%clk 1:30:56]} 2. c4 {[%clk 1:31:19]} e6
{[%clk 1:31:22]} 3. Nf3 {[%clk 1:31:37]} b6 {[%clk 1:31:48]} 4. g3
{[%clk 1:31:51]} Ba6 {[%clk 1:32:04]} 5. b3 {[%clk 1:31:17]} Bb4+
{[%clk 1:32:11]} 6. Bd2 {[%clk 1:31:36]} Be7 {[%clk 1:32:37]} 7. Bg2
{[%clk 1:31:36]} c6 {[%clk 1:32:23]} 8. O-O {[%clk 1:31:24]} d5 {[%clk 1:32:27]}
9. Qc2 {[%clk 1:29:20]} O-O {[%clk 1:31:26]} 10. Bf4 {[%clk 1:23:03]} Nbd7
{[%clk 1:28:02]} 11. Nbd2 {[%clk 1:20:17]} Nh5 {[%clk 1:23:17]} 12. Be3
{[%clk 1:10:24]} Rc8 {[%clk 1:22:05]} 13. Qb2 {[%clk 1:03:40]} f5
{[%clk 1:10:44]} 14. Rfe1 {[%clk 0:58:59]} g5 {[%clk 1:00:16]} 15. cxd5
{[%clk 0:46:06]} cxd5 {[%clk 0:58:45]} 16. Nf1 {[%clk 0:45:57]} f4
{[%clk 0:56:03]} 17. gxf4 {[%clk 0:39:20]} gxf4 {[%clk 0:43:01]} 18. Bd2
{[%clk 0:39:43]} Kh8 {[%clk 0:39:00]} 19. e3 {[%clk 0:34:01]} Bd3
{[%clk 0:23:44]} 20. Rac1 {[%clk 0:32:39]} Be4 {[%clk 0:22:21]} 21. Rxc8
{[%clk 0:20:40]} Qxc8 {[%clk 0:22:49]} 22. Qc1 {[%clk 0:18:56]} Qxc1
{[%clk 0:16:10]} 23. Rxc1 {[%clk 0:14:37]} fxe3 {[%clk 0:16:19]} 24. Bxe3
{[%clk 0:15:02]} Bxf3 {[%clk 0:15:51]} 25. Bxf3 {[%clk 0:15:27]} Rxf3
{[%clk 0:16:10]} 26. Rc7 {[%clk 0:15:51]} Nhf6 {[%clk 0:14:35]} 27. Kg2
{[%clk 0:16:13]} Rf5 {[%clk 0:08:13]} 28. Ng3 {[%clk 0:16:22]} Bd6
{[%clk 0:07:56]} 29. Rc8+ {[%clk 0:16:39]} Kg7 {[%clk 0:08:16]} 30. Nxf5+
{[%clk 0:16:43]} exf5 {[%clk 0:08:45]} 31. f3 {[%clk 0:15:04]} Kf7
{[%clk 0:08:58]} 32. Bg5 {[%clk 0:13:44]} Ke6 {[%clk 0:08:33]} 33. Bh6
{[%clk 0:11:19]} Nb8 {[%clk 0:03:43]} 34. Bg5 {[%clk 0:09:01]} Nbd7
{[%clk 0:02:43]} 35. Bh6 {[%clk 0:09:22]} Kf7 {[%clk 0:02:19]} 36. Bg5
{[%clk 0:08:44]} Kg6 {[%clk 0:02:33]} 37. Bd2 {[%clk 0:06:12]} Bf8
{[%clk 0:02:23]} 38. Rc7 {[%clk 0:04:23]} a6 {[%clk 0:02:25]} 39. b4
{[%clk 0:04:06]} Bd6 {[%clk 0:02:10]} 40. Rc6 {[%clk 0:02:36]} Bb8
{[%clk 0:02:00]} 41. a4 {[%clk 0:02:58]} Ba7 {[%clk 0:01:18]} 42. Rc7
{[%clk 0:03:21]} Bb8 {[%clk 0:01:43]} 43. Rc6 {[%clk 0:03:49]} Ba7
{[%clk 0:01:25]} 44. Rc7 {[%clk 0:04:17]} Bb8 {[%clk 0:01:50]} 45. Rc6
{[%clk 0:04:41]} Ba7 {[%clk 0:00:53]} 1/2-1/2

[Event "XXVII Miedzynarodowy Festiwal Szachowy im. Jozefa Dominika"]
[Site "Dobczyce"]
[Date "2019.07.06"]
[Round "2.4"]
[White "Widla, Piotr"]
[Black "Cichon, Jakub"]
[Result "1-0"]
[BlackElo "1707"]
[WhiteElo "1989"]
[LiveChessVersion "1.4.8"]

1. e4 {[%clk 1:30:58]} c5 {[%clk 1:30:47]} 2. Nc3 {[%clk 1:31:20]} Nc6
{[%clk 1:30:47]} 3. g3 {[%clk 1:31:43]} g6 {[%clk 1:31:06]} 4. d3
{[%clk 1:31:28]} d6 {[%clk 1:30:49]} 5. Be3 {[%clk 1:31:52]} Bg7 {[%clk 1:29:52]}
6. Bg2 {[%clk 1:32:16]} Rb8 {[%clk 1:28:08]} 7. a4 {[%clk 1:22:32]} Bd7
{[%clk 1:19:40]} 8. Qd2 {[%clk 1:15:58]} a6 {[%clk 1:16:30]} 9. Nge2
{[%clk 1:15:08]} Ne5 {[%clk 1:08:48]} 10. h3 {[%clk 1:10:58]} b5 {[%clk 0:59:36]}
11. axb5 {[%clk 1:10:22]} axb5 {[%clk 0:59:58]} 12. f4 {[%clk 1:09:30]} Nc6
{[%clk 0:52:22]} 13. O-O {[%clk 1:02:18]} b4 {[%clk 0:52:03]} 14. Nd1
{[%clk 1:01:43]} e6 {[%clk 0:47:52]} 15. e5 {[%clk 0:48:01]} Qc7 {[%clk 0:47:18]}
16. exd6 {[%clk 0:41:38]} Qxd6 {[%clk 0:47:30]} 17. Nf2 {[%clk 0:41:52]} Bxb2
{[%clk 0:44:03]} 18. Ne4 {[%clk 0:40:38]} Qc7 {[%clk 0:42:35]} 19. Bxc5
{[%clk 0:40:17]} Bxa1 {[%clk 0:37:28]} 20. Nd6+ {[%clk 0:38:23]} Kd8
{[%clk 0:37:39]} 21. Nxf7+ {[%clk 0:37:57]} Ke8 {[%clk 0:37:15]} 22. Nd6+
{[%clk 0:38:22]} Kd8 {[%clk 0:37:40]} 23. Rxa1 {[%clk 0:36:44]} Nh6
{[%clk 0:33:34]} 24. f5 {[%clk 0:34:34]} Ne7 {[%clk 0:29:14]} 25. d4
{[%clk 0:34:20]} Nexf5 {[%clk 0:27:21]} 26. Qg5+ {[%clk 0:33:12]} Ne7
{[%clk 0:26:53]} 27. Ra7 {[%clk 0:32:53]} 1-0

[Event "XXVII Miedzynarodowy Festiwal Szachowy im. Jozefa Dominika"]
[Site "Dobczyce"]
[Date "2019.07.06"]
[Round "2.5"]
[White "Jalowiec, Halina"]
[Black "Kuciel, Wladyslaw"]
[Result "0-1"]
[BlackElo "1966"]
[WhiteElo "1919"]
[LiveChessVersion "1.4.8"]

1. e4 {[%clk 1:31:00]} c5 {[%clk 1:30:51]} 2. Nf3 {[%clk 1:31:06]} e6
{[%clk 1:31:12]} 3. d4 {[%clk 1:31:30]} cxd4 {[%clk 1:31:36]} 4. Nxd4
{[%clk 1:31:57]} a6 {[%clk 1:32:01]} 5. g3 {[%clk 1:32:06]} d6 {[%clk 1:29:13]}
6. Bg2 {[%clk 1:32:27]} Nc6 {[%clk 1:29:08]} 7. c4 {[%clk 1:30:23]} Bd7
{[%clk 1:27:03]} 8. Nc3 {[%clk 1:29:08]} Nf6 {[%clk 1:26:39]} 9. Nde2
{[%clk 1:28:52]} Be7 {[%clk 1:25:34]} 10. O-O {[%clk 1:29:04]} O-O
{[%clk 1:25:47]} 11. h3 {[%clk 1:29:10]} Rc8 {[%clk 1:23:44]} 12. Be3
{[%clk 1:28:44]} Ne5 {[%clk 1:20:42]} 13. b3 {[%clk 1:28:51]} b5 {[%clk 1:20:01]}
14. cxb5 {[%clk 1:28:44]} axb5 {[%clk 1:20:18]} 15. f4 {[%clk 1:23:59]} Ng6
{[%clk 1:20:25]} 16. Qd3 {[%clk 1:23:53]} Qa5 {[%clk 1:19:32]} 17. a4
{[%clk 1:18:40]} bxa4 {[%clk 1:13:33]} 18. bxa4 {[%clk 1:15:04]} Bc6
{[%clk 1:09:38]} 19. Rfb1 {[%clk 1:10:04]} Qa8 {[%clk 0:54:49]} 20. Nd4
{[%clk 1:05:17]} Bb7 {[%clk 0:45:22]} 21. Ndb5 {[%clk 1:00:56]} Rfd8
{[%clk 0:39:29]} 22. Bb6 {[%clk 0:55:51]} Rd7 {[%clk 0:37:52]} 23. a5
{[%clk 0:52:09]} Nf8 {[%clk 0:36:36]} 24. Rb2 {[%clk 0:48:52]} d5
{[%clk 0:35:50]} 25. e5 {[%clk 0:40:22]} Ne4 {[%clk 0:36:04]} 26. Nxe4
{[%clk 0:38:48]} dxe4 {[%clk 0:36:22]} 27. Qe2 {[%clk 0:38:44]} Rd3
{[%clk 0:30:53]} 28. Kh2 {[%clk 0:36:24]} Nd7 {[%clk 0:28:33]} 29. Nc7
{[%clk 0:33:44]} Rxc7 {[%clk 0:28:53]} 30. Bxc7 f5 {[%clk 0:24:49]} 31. Qxd3
{[%clk 0:27:44]} exd3 {[%clk 0:24:57]} 32. Bxb7 {[%clk 0:28:10]} Qa7
{[%clk 0:24:29]} 33. a6 {[%clk 0:27:18]} Qd4 {[%clk 0:24:08]} 34. Raa2
{[%clk 0:26:24]} Bc5 {[%clk 0:24:12]} 35. Rg2 {[%clk 0:26:46]} Ba7
{[%clk 0:22:41]} 36. Ba5 {[%clk 0:20:56]} Nc5 {[%clk 0:20:10]} 37. Be1
{[%clk 0:20:29]} Ne4 {[%clk 0:18:33]} 38. Bc6 {[%clk 0:17:51]} Qc4
{[%clk 0:18:10]} 39. Bb7 {[%clk 0:16:23]} Qc1 {[%clk 0:15:59]} 40. Bd2
{[%clk 0:06:46]} Qb1 {[%clk 0:16:07]} 41. Ba5 {[%clk 0:06:27]} Bg1+
{[%clk 0:13:22]} 42. Bd5 0-1

[Event "XXVII Miedzynarodowy Festiwal Szachowy im. Jozefa Dominika"]
[Site "Dobczyce"]
[Date "2019.07.06"]
[Round "2.6"]
[White "Iwanczuk, Krzysztof"]
[Black "Dziewonski, Dariusz"]
[Result "1/2-1/2"]
[BlackElo "1879"]
[WhiteElo "1775"]
[LiveChessVersion "1.4.8"]

1. d4 {[%clk 1:30:56]} d5 {[%clk 1:30:49]} 2. Bf4 {[%clk 1:31:17]} c5
{[%clk 1:30:39]} 3. e3 {[%clk 1:31:03]} cxd4 {[%clk 1:28:42]} 4. exd4
{[%clk 1:31:23]} Bf5 {[%clk 1:27:05]} 5. c3 {[%clk 1:26:20]} Nf6 {[%clk 1:22:32]}
6. Nf3 {[%clk 1:25:30]} e6 {[%clk 1:18:02]} 7. Bxb8 {[%clk 1:19:48]} Rxb8
{[%clk 1:04:27]} 8. Bb5+ {[%clk 1:18:01]} Ke7 {[%clk 1:01:32]} 9. Bd3
{[%clk 1:04:26]} Bxd3 {[%clk 0:52:51]} 10. Qxd3 {[%clk 1:04:47]} g6
{[%clk 0:51:20]} 11. Nbd2 {[%clk 1:02:18]} Bg7 {[%clk 0:49:38]} 12. O-O
{[%clk 1:02:12]} Re8 {[%clk 0:44:43]} 13. Ne5 {[%clk 0:55:32]} Kf8
{[%clk 0:41:23]} 14. f4 {[%clk 0:47:03]} Kg8 {[%clk 0:37:56]} 15. g4
{[%clk 0:34:12]} Nd7 {[%clk 0:28:07]} 16. Ndf3 {[%clk 0:32:53]} Nxe5
{[%clk 0:26:52]} 17. fxe5 {[%clk 0:32:45]} b5 {[%clk 0:23:10]} 18. a3
{[%clk 0:30:49]} Re7 {[%clk 0:17:57]} 19. h4 {[%clk 0:28:11]} h6 {[%clk 0:15:14]}
20. h5 {[%clk 0:23:59]} g5 {[%clk 0:14:05]} 21. Nd2 {[%clk 0:19:50]} Rc7
{[%clk 0:12:35]} 22. Rf3 {[%clk 0:18:31]} a5 {[%clk 0:09:34]} 23. b4
{[%clk 0:14:41]} a4 {[%clk 0:08:19]} 1/2-1/2

[Event "XXVII Miedzynarodowy Festiwal Szachowy im. Jozefa Dominika"]
[Site "Dobczyce"]
[Date "2019.07.06"]
[Round "2.7"]
[White "Mirowska, Oliwia"]
[Black "Kawula, Andrzej"]
[Result "0-1"]
[BlackElo "1876"]
[WhiteElo "1735"]
[LiveChessVersion "1.4.8"]

1. d4 {[%clk 1:30:48]} d5 {[%clk 1:30:41]} 2. Bf4 {[%clk 1:31:10]} e6
{[%clk 1:29:38]} 3. Nf3 {[%clk 1:31:06]} Nf6 {[%clk 1:29:36]} 4. e3
{[%clk 1:30:50]} c5 {[%clk 1:29:41]} 5. c3 {[%clk 1:29:36]} Nc6 {[%clk 1:28:25]}
6. Bd3 {[%clk 1:25:11]} Bd6 {[%clk 1:26:47]} 7. Bg3 {[%clk 1:24:55]} Ne4
{[%clk 1:20:57]} 8. Bxd6 {[%clk 1:18:03]} Qxd6 {[%clk 1:20:07]} 9. Nfd2
{[%clk 1:15:09]} f5 {[%clk 1:19:38]} 10. Qh5+ {[%clk 1:04:11]} g6
{[%clk 1:16:42]} 11. Qe2 {[%clk 0:57:58]} O-O {[%clk 1:12:38]} 12. O-O
{[%clk 0:52:31]} e5 {[%clk 1:09:34]} 13. dxe5 {[%clk 0:49:02]} Nxe5
{[%clk 1:08:51]} 14. Bc2 {[%clk 0:49:07]} Be6 {[%clk 1:05:02]} 15. f3
{[%clk 0:47:05]} Nf6 {[%clk 1:03:16]} 16. Kh1 {[%clk 0:35:59]} Rae8
{[%clk 1:00:19]} 17. Na3 {[%clk 0:34:18]} Bd7 {[%clk 0:58:41]} 18. Qf2
{[%clk 0:32:41]} Bc6 {[%clk 0:49:57]} 19. Rad1 {[%clk 0:30:27]} Qe7
{[%clk 0:46:30]} 20. Rfe1 {[%clk 0:24:39]} Qc7 {[%clk 0:41:53]} 21. Qh4
{[%clk 0:13:09]} b5 {[%clk 0:39:47]} 22. Nb3 {[%clk 0:12:00]} Qb6
{[%clk 0:32:57]} 23. Bb1 {[%clk 0:11:32]} a5 {[%clk 0:32:37]} 24. Nc1
{[%clk 0:09:02]} b4 {[%clk 0:30:50]} 25. cxb4 {[%clk 0:09:24]} axb4
{[%clk 0:31:10]} 26. Nc2 {[%clk 0:09:44]} Bb7 {[%clk 0:25:28]} 27. b3
{[%clk 0:09:58]} Ba6 {[%clk 0:17:30]} 28. a3 {[%clk 0:04:08]} bxa3
{[%clk 0:15:07]} 29. Nxa3 {[%clk 0:04:37]} c4 {[%clk 0:14:35]} 30. bxc4
{[%clk 0:04:36]} Qb4 {[%clk 0:14:10]} 31. Nb5 {[%clk 0:03:09]} Bxb5
{[%clk 0:14:20]} 32. Ba2 Bxc4 {[%clk 0:14:03]} 33. Rd4 {[%clk 0:00:47]} Qa5
{[%clk 0:12:16]} 34. Bxc4 {[%clk 0:00:35]} dxc4 {[%clk 0:11:37]} 35. f4
{[%clk 0:00:50]} Neg4 {[%clk 0:11:06]} 36. Qg3 {[%clk 0:00:44]} Ne4
{[%clk 0:10:14]} 37. Rxe4 {[%clk 0:01:13]} Rxe4 {[%clk 0:10:33]} 38. h3
{[%clk 0:01:30]} Nf6 {[%clk 0:10:26]} 0-1

[Event "XXVII Miedzynarodowy Festiwal Szachowy im. Jozefa Dominika"]
[Site "Dobczyce"]
[Date "2019.07.06"]
[Round "2.8"]
[White "Madej, Marek"]
[Black "Seredyn, Dominik"]
[Result "1-0"]
[BlackElo "1737"]
[WhiteElo "1843"]
[LiveChessVersion "1.4.8"]

1. e4 {[%clk 1:30:52]} c5 {[%clk 1:30:44]} 2. Nf3 {[%clk 1:31:09]} g6
{[%clk 1:30:58]} 3. d4 {[%clk 1:30:27]} cxd4 {[%clk 1:31:16]} 4. Nxd4
{[%clk 1:30:10]} Bg7 {[%clk 1:31:26]} 5. c4 {[%clk 1:30:05]} Nc6 {[%clk 1:31:41]}
6. Be3 {[%clk 1:29:58]} Nf6 {[%clk 1:31:51]} 7. Nc3 {[%clk 1:30:15]} d6
{[%clk 1:32:01]} 8. Be2 {[%clk 1:30:04]} O-O {[%clk 1:32:14]} 9. O-O
{[%clk 1:30:22]} Nxd4 {[%clk 1:32:26]} 10. Bxd4 {[%clk 1:30:39]} Bd7
{[%clk 1:32:49]} 11. Bd3 {[%clk 1:29:46]} Bc6 {[%clk 1:30:17]} 12. Nd5
{[%clk 1:27:12]} Bxd5 {[%clk 1:27:51]} 13. exd5 {[%clk 1:26:26]} Nd7
{[%clk 1:27:38]} 14. Bxg7 {[%clk 1:26:07]} Kxg7 {[%clk 1:28:00]} 15. Qe2
{[%clk 1:26:00]} Ne5 {[%clk 1:24:23]} 16. f4 {[%clk 1:23:59]} Nxd3
{[%clk 1:22:31]} 17. Qxd3 {[%clk 1:23:52]} Qb6+ {[%clk 1:22:39]} 18. Rf2
{[%clk 1:24:12]} f5 {[%clk 1:17:01]} 19. Re1 {[%clk 1:22:03]} Rf7
{[%clk 1:16:15]} 20. Kf1 {[%clk 1:20:38]} Rc8 {[%clk 1:14:48]} 21. Rfe2
{[%clk 1:19:37]} Qb4 {[%clk 1:08:50]} 22. Qd4+ {[%clk 1:15:47]} Kg8
{[%clk 1:05:35]} 23. b3 {[%clk 1:15:55]} Qc5 {[%clk 0:58:09]} 24. Qxc5
{[%clk 1:15:45]} Rxc5 {[%clk 0:58:32]} 25. Rxe7 {[%clk 1:13:19]} b5
{[%clk 0:58:53]} 26. Rxf7 {[%clk 1:10:00]} Kxf7 {[%clk 0:59:15]} 27. Rc1
{[%clk 1:09:30]} Ke7 {[%clk 0:54:42]} 28. Ke2 {[%clk 1:09:20]} b4
{[%clk 0:51:47]} 29. Kd3 {[%clk 1:08:58]} Kd7 {[%clk 0:51:43]} 30. Kc2
{[%clk 1:08:33]} Ra5 {[%clk 0:50:30]} 31. Kb2 {[%clk 1:08:52]} Ke7
{[%clk 0:49:29]} 32. Re1+ {[%clk 1:07:53]} Kd7 {[%clk 0:49:51]} 33. Ra1
{[%clk 1:03:19]} Ra3 {[%clk 0:50:05]} 34. h4 {[%clk 1:02:21]} a5 {[%clk 0:42:14]}
35. h5 {[%clk 1:01:50]} a4 {[%clk 0:42:39]} 36. hxg6 {[%clk 1:01:52]} hxg6
{[%clk 0:43:02]} 37. Rh1 {[%clk 1:01:56]} axb3 38. axb3 {[%clk 1:02:03]} Ke7
{[%clk 0:43:32]} 39. Rh7+ {[%clk 1:01:50]} Kf6 {[%clk 0:43:52]} 40. Rd7
{[%clk 0:59:54]} Ra6 {[%clk 0:44:13]} 41. g3 {[%clk 0:59:57]} Rb6
{[%clk 0:44:29]} 42. Kc2 {[%clk 0:52:59]} g5 {[%clk 0:44:17]} 43. Kd3
{[%clk 0:51:50]} g4 {[%clk 0:43:56]} 44. c5 {[%clk 0:48:43]} dxc5
{[%clk 0:43:39]} 45. Kc4 {[%clk 0:48:25]} Rb8 {[%clk 0:43:58]} 46. Kxc5
{[%clk 0:48:35]} Rh8 {[%clk 0:43:56]} 47. Rd6+ {[%clk 0:48:41]} Ke7
{[%clk 0:44:12]} 48. Re6+ {[%clk 0:48:58]} Kd7 {[%clk 0:44:34]} 49. Kxb4
{[%clk 0:49:12]} Rh3 {[%clk 0:44:48]} 50. Re3 {[%clk 0:49:37]} Kd6
{[%clk 0:45:09]} 51. Kc4 {[%clk 0:49:59]} Rh1 {[%clk 0:45:33]} 52. Rd3
{[%clk 0:49:21]} Rc1+ {[%clk 0:45:32]} 53. Kb5 {[%clk 0:49:46]} Rf1
{[%clk 0:45:43]} 54. b4 {[%clk 0:49:08]} Rf3 {[%clk 0:45:53]} 55. Kc4
{[%clk 0:49:33]} Rf1 {[%clk 0:46:17]} 56. b5 {[%clk 0:48:49]} Rc1+
{[%clk 0:46:38]} 57. Rc3 {[%clk 0:49:14]} Rd1 {[%clk 0:44:31]} 58. b6
{[%clk 0:47:52]} Rb1 {[%clk 0:44:27]} 59. Rb3 {[%clk 0:48:17]} 1-0